Divine Deviants (Record no. 13719)
[ view plain ]
| 000 -LEADER | |
|---|---|
| fixed length control field | 00687nam a2200253 a 4500 |
| 020 ## - INTERNATIONAL STANDARD BOOK NUMBER | |
| ISBN | 9780820488592 |
| 082 00 - DEWEY DECIMAL CLASSIFICATION NUMBER | |
| Classification number | 242,1 |
| Author Cutter | MAN |
| 100 ## - MAIN ENTRY--AUTHOR NAME | |
| Author name | Mannani, Manijeh |
| 245 ## - TITLE STATEMENT | |
| Title | Divine Deviants |
| Sub title | The Dialects of Devotion in the Poetry of Donne and Rumi |
| 260 ## - PUBLICATION, DISTRIBUTION, ETC. (IMPRINT) | |
| Place of publication | New York |
| Name of publisher | Peter Lang Publications |
| Year of publication | 2007 |
| 300 ## - PHYSICAL DESCRIPTION | |
| Number of Pages | 181p |
| 500 ## - GENERAL NOTE | |
| General note | includes index and biblioraphy |
| 505 2# - FORMATTED CONTENTS NOTE | |
| Formatted contents note | biblio, index |
| 650 ## - SUBJECT ADDED ENTRY--TOPICAL TERM | |
| Topical Term | Devotional Poetry |
| 650 ## - SUBJECT ADDED ENTRY--TOPICAL TERM | |
| Topical Term | Rumi-Jalaluddin |
| 942 ## - ADDED ENTRY ELEMENTS (KOHA) | |
| Koha item type | Books |
| 700 1# - | |
| -- | Mannani, Manijeh |
| Collection code | Home library | Current library | Date acquired | Cost, normal purchase price | Full call number | Accession Number | Koha item type |
|---|---|---|---|---|---|---|---|
| Henry Martyn Institute Library | Henry Martyn Institute Library | 03/13/2009 | 995.00 | 242,1 MAN | 022680 | Books |
